00417nam a2200145Ia 4500003000400000008004100004040001600045082001600061100002000077245006200097260004800159300001000207650002300217650003100240GCL140319s9999 xx 000 0 eng d aGCL / cGCL04a610.28bK L1 aKATZIT, ABROHAM10aLASERS AND OPTICAL FIBERS IN MEDICINE / cKATZIT, ABROHAM a[S.N] : bACADEMIC PRESS LIMITED. ، c1993 a317 P04aLASERS IN MEDICINE04aOPTICAL FIBERS IN MEDICINE